00814nam a2200181 i 4500001000700000003000900007005001700016008004100033040003000074100003300104245020700137250002500344260006300369300003900432650003400471740006100505852006600566154687ES-MaACL20230906205822.0021001s1771 sz |||| | fre d aCCPB | B bspa cCCPB | B1 aGottsched, Johann Christoph.13aLe maitre de la lengue allemande ou Nouvelle grammaire allemande méthodique et raisonnée b: composé sur le modêle des meilleurs auteurs de nos jours & principalement sur celui / cde Gottsched. aSixième édition. aA Lausanne : bchés Jean Pierre Heubach & comp., c1771. aXVI, 576 p., [1] h. pleg. ; c8º. 4aLengua alemana-xGramática.02aNouvelle grammaire allemande méthodique et raisonée. aES-MaACLjR-442 z-- Enc. pasta española x Olim: D-2168